000 00587cam a2200181 4500500
005 20260405001502.0
041 _afre
042 _adc
100 1 0 _aGarnier, Philippe
_eauthor
245 0 0 _aGad Elmaleh. « Les gens les plus drôles sont souvent ceux qui ont le plus peur »
260 _c2013.
500 _a23
690 _aGad Elmaleh
690 _aHumour
690 _aRire
786 0 _nPhilosophie magazine | 69 | 5 | 2013-05-01 | p. 16-16 | 1951-1787
856 4 1 _uhttps://shs.cairn.info/magazine-philosophie-magazine-2013-5-page-16?lang=fr&redirect-ssocas=7080
999 _c2048170
_d2048170